Số liệu thống kê lao động việc làm ở Việt nam 1996 - 2000 Trung tâm Thông tin - Thống kê lao động xã hội
Saved in:
| Main Author: | |
|---|---|
| Format: | Book |
| Language: | Undetermined |
| Published: |
H.
Thống Kê
2001
|
| Subjects: | |
| Tags: |
Add Tag
No Tags, Be the first to tag this record!
|
| Institutions: | Trung tâm Học liệu Trường Đại học Cần Thơ |
|---|
| LEADER | 00681nam a2200205Ia 4500 | ||
|---|---|---|---|
| 001 | CTU_51162 | ||
| 008 | 210402s9999 xx 000 0 und d | ||
| 020 | |b 180000 | ||
| 082 | |a 331.11021 | ||
| 082 | |b Tr513 | ||
| 100 | |a Trung tâm Thông tin - Thống kê lao động xã hội | ||
| 245 | 0 | |a Số liệu thống kê lao động việc làm ở Việt nam 1996 - 2000 | |
| 245 | 0 | |b Trung tâm Thông tin - Thống kê lao động xã hội | |
| 260 | |a H. | ||
| 260 | |b Thống Kê | ||
| 260 | |c 2001 | ||
| 650 | |a labor supply | ||
| 650 | |x statistics | ||
| 650 | |z vietnam | ||
| 980 | |a Trung tâm Học liệu Trường Đại học Cần Thơ | ||